<?xml version="1.0" encoding="UTF-8"?>
<collection xmlns="http://www.loc.gov/MARC21/slim">
 <record>
  <leader>00603pamaa2200193   4500</leader>
  <controlfield tag="001">0000031742</controlfield>
  <controlfield tag="005">20080131090000.0</controlfield>
  <datafield tag="020" ind1="0" ind2="0">
   <subfield code="a">0072390549 </subfield>
  </datafield>
  <datafield tag="082" ind1=" " ind2=" ">
   <subfield code="a">621.402 CEN 2001</subfield>
  </datafield>
  <datafield tag="090" ind1="0" ind2="0">
   <subfield code="a">TJ265 </subfield>
   <subfield code="b">CEN 2001</subfield>
  </datafield>
  <datafield tag="100" ind1="1" ind2="0">
   <subfield code="a">Cengel </subfield>
  </datafield>
  <datafield tag="245" ind1="1" ind2="0">
   <subfield code="a">Fundamentals of thermal-fluid sciences  </subfield>
   <subfield code="c">Yunus A. Cengel and Robet H. Turner.</subfield>
  </datafield>
  <datafield tag="260" ind1="0" ind2="0">
   <subfield code="a">Boston: </subfield>
   <subfield code="b">McGraw-Hill, </subfield>
   <subfield code="c">2001.</subfield>
  </datafield>
  <datafield tag="300" ind1=" " ind2=" ">
   <subfield code="a">xxxv, 1047p: </subfield>
   <subfield code="b">ill.; </subfield>
   <subfield code="c">26cm.</subfield>
  </datafield>
  <datafield tag="500" ind1="0" ind2="0">
   <subfield code="a">Includes one CD-ROM titled &quot;Fundamentals of thermal-fluid sciences&quot;</subfield>
  </datafield>
  <datafield tag="650" ind1="0" ind2="0">
   <subfield code="a">Heat-Transmission </subfield>
  </datafield>
  <datafield tag="650" ind1="0" ind2="0">
   <subfield code="a">Thermodynamics </subfield>
  </datafield>
  <datafield tag="650" ind1="0" ind2="0">
   <subfield code="a">Fluid mechanics </subfield>
  </datafield>
  <datafield tag="700" ind1="1" ind2="1">
   <subfield code="a">Turner, </subfield>
   <subfield code="h">Robert H </subfield>
  </datafield>
 </record>
</collection>
